| 000 | 00842nas a2200277 4500 | ||
|---|---|---|---|
| 001 | BR2013007937 | ||
| 003 | BR-BrBNA | ||
| 005 | 20231205123028.0 | ||
| 007 | ta | ||
| 008 | 230509b bl.|||p| |||| 00| 00por d | ||
| 040 |
_aBR-BrBNA _bpor _cBiblioteca Nacional de Agricultura |
||
| 041 | _a(Pt) | ||
| 072 | _aK10 | ||
| 100 | 1 | _aDalmaso, C.A. | |
| 100 | 1 | _aInoue, M.T. | |
| 100 | 1 | _aOliveira Filho, P.C. de | |
| 100 | 1 | _aMarcelino, V.R. | |
| 245 | 1 | _aPadrões espaciais na regeneração de Ocotea odorifera na floresta nacional de irati, PR | |
| 650 | _aFLORESTA | ||
| 650 | _aARAUCÁRIA | ||
| 650 | _aREGENERAÇÃO NATURAL | ||
| 650 | _aCANELA-SASSAFRÁS | ||
| 773 | 0 |
_tFloresta (Brazil) _xISSN 0015-3826 _g(Apr-Jun 2013), v. 43(2) p. 301-312 _wBR2013007937 |
|
| 909 |
_a202311 _bLúcia _c55 _dLúcia Elande |
||
| 942 |
_2AGRIS _n0 _cANA |
||
| 999 |
_c231844 _d231844 |
||